A manual of North American birds. (Record no. 91721)
[ view plain ]
| 000 -LEADER | |
|---|---|
| fixed length control field | 00746cam a22002291 4500 |
| 001 - CONTROL NUMBER | |
| control field | w 06000038 |
| 003 - CONTROL NUMBER IDENTIFIER | |
| control field | DLC |
| 005 - DATE AND TIME OF LATEST TRANSACTION | |
| control field | 20260227112804.0 |
| 008 - FIXED-LENGTH DATA ELEMENTS--GENERAL INFORMATION | |
| fixed length control field | 780502s1900 paucf 000 0 eng c |
| 010 ## - LIBRARY OF CONGRESS CONTROL NUMBER | |
| LC control number | w 06000038 |
| 035 ## - SYSTEM CONTROL NUMBER | |
| System control number | (OCoLC)3854098 |
| 040 ## - CATALOGING SOURCE | |
| Original cataloging agency | Washington, D. C. Pub. Libr. |
| Transcribing agency | CCC |
| Modifying agency | OCoLC |
| -- | DLC |
| 042 ## - AUTHENTICATION CODE | |
| Authentication code | premarc |
| 050 00 - LIBRARY OF CONGRESS CALL NUMBER | |
| Classification number | QL681 |
| Item number | .R54 1900 |
| 100 1# - MAIN ENTRY--PERSONAL NAME | |
| Personal name | Ridgway, Robert, |
| Dates associated with a name | 1850-1929. |
| 245 12 - TITLE STATEMENT | |
| Title | A manual of North American birds. |
| Statement of responsibility, etc. | By Robert Ridgway. Illustrated by 464 outline drawings of the generic characters. |
| 250 ## - EDITION STATEMENT | |
| Edition statement | 4th ed. |
| 260 ## - PUBLICATION, DISTRIBUTION, ETC. | |
| Place of publication, distribution, etc. | Philadelphia, |
| Name of publisher, distributor, etc. | J.B. Lippincott Company, |
| Date of publication, distribution, etc. | 1900. |
| 300 ## - PHYSICAL DESCRIPTION | |
| Extent | xiii, 653 p. |
| Other physical details | front. (port.) CXXIV pl. |
| Dimensions | 24 cm. |
| 650 #0 - SUBJECT ADDED ENTRY--TOPICAL TERM | |
| Topical term or geographic name entry element | Birds. |
| 650 #0 - SUBJECT ADDED ENTRY--TOPICAL TERM | |
| Topical term or geographic name entry element | Birds |
| Geographic subdivision | North America |
No items available.